000 01280nam0a2200349 i 4500
001 RU\NLR\bibl\2061416
005 20260406025128.0
010 _a9785496004954
_94000
021 _aRU
_b2013-52478
_93645
035 _a(nilc)RuMoRGB-006607087
035 _a(NLR Aleph) 002070648
090 _a4751850
_c4751850
100 _a20130708d2013 u y0rusy50 ca
101 0 _arus
102 _aRU
105 _aa zzzz|||||
200 1 _aСделай себе имя!
_eпостроение личного бренда
_fВячеслав Макович, Леонид Петров
210 _aСанкт-Петербург [и др.]
_cПитер
_d2013
215 _a176 с.
_cил., табл.
_d21
606 _aИмидж
_92022976
_3RU\NLR\auth\661215913
610 0 _aличный бренд
610 0 _aсоздание личностного бренда
686 _aС550.354
700 1 _aМакович
_bВ.
_gВячеслав
_4070
701 1 _4070
_7ca
_8rus
_aПетров
_bЛ.
_cмаркетолог
_gЛеонид
_9109659
_3RU\NLR\auth\77126735
801 0 _aRU
_bRuMoRKP
_c20130708
_gRCR
801 2 _aRU
_bРГБ
_c20130724
_grcr
801 1 _aRU
_bRuMoRKP
_c20130708
_2rusmarc
801 2 _aRU
_bNLR
_c20130808
_grcr
942 _cBOOK
980 _aNBR